00706cam a2200205 4500001001100000008004100011020001500052035001500067050002200082100002200104245013200126250001100258260003600269300002900305500004100334504001900375650003400394700003400428700003800462BPLZ000056 t1991 mx a spa  a9684229488 aBPLZ00005604aQA 551 bK55 19911 aKindle, Joseph H.10aGeometría analítica :bplana y del espacio /cJoseph H. Kindler ; tr. Luis Gutiérrez Díez, Angel Gutiérrez Vázquez. a1a ed. aMéxico :bMcGraw-Hill,cc1991 a150 p.: b il. ;c23 cm. aTraducción de : Analytic geometriy aIncluye indice 7aGeometría analítica2Lemb1 aGutiérrez Díez, Luis, tr.1 aGutiérrez Vázquez, Angel, tr.